[Event "4NCL 2016-17"]
[Site "Reading ENG"]
[Date "2017.04.30"]
[Round "10.38"]
[White "Milson, Samuel A"]
[Black "Franklin, Samuel G A"]
[Result "1/2-1/2"]
[BlackTitle "FM"]
[WhiteElo "2084"]
[BlackElo "2302"]
[WhiteTeam "Grantham Sharks"]
[BlackTeam "Barbican 4NCL"]
[WhiteFideId "418838"]
[BlackFideId "468576"]
[EventDate "2016.11.19"]

1. e4 e5 2. Nf3 Nc6 3. Bb5 a6 4. Ba4 Nf6 5. O-O Be7 6. d3 b5 7. Bb3 d6 8. c3 O-O
9. a4 Bd7 10. Nbd2 Na5 11. Bc2 c5 12. Re1 Re8 13. Nf1 h6 14. Ng3 Bf8 15. Bd2 c4
16. d4 Qc7 17. d5 g6 18. h3 Bg7 19. Nh2 bxa4 20. Bxa4 Bxa4 21. Rxa4 Nb3 22. Be3
a5 23. Nhf1 h5 24. Nd2 Nxd2 25. Bxd2 Reb8 26. Bc1 Nd7 27. Nf1 Qc5 28. Qe2 Nb6
29. Ra2 Qb5 30. Be3 Nd7 31. Nd2 Rc8 32. Rea1 Nc5 33. b4 Nb7 34. Qd1 Rab8 35. Qa4
Qxa4 36. Rxa4 axb4 37. Rxb4 Nd8 38. Rxb8 Rxb8 39. Nxc4 Bf8 40. Ra6 Rb1+ 41. Kh2
Nb7 42. Ra8 Kg7 43. Bh6+ Kxh6 44. Rxf8 Kg7 45. Rc8 Rb3 46. Rc6 Kf8 47. Nxd6 Nxd6
48. Rxd6 Rxc3 49. Rb6 Rd3 50. f3 Ke7 51. Kg3 Rd2 52. h4 Rd1 53. Rb3 Rd2 54. Kh3
Rd1 55. Rb2 Rh1+ 56. Kg3 Rd1 57. Kf2 Rh1 58. Ke3 Rxh4 59. Kd3 Rh1 60. Rb7+ Kf6
61. Kc4 Rc1+ 62. Kd3 Rg1 63. Rb2 h4 64. Ke3 Re1+ 65. Re2 Ra1 66. Rd2 Ke7 67. Kf2
Rb1 68. Re2 Kd6 69. Re1 Rb2+ 70. Kg1 f5 71. Kh2 fxe4 72. fxe4 Rb3 73. Rc1 Rb4
74. Re1 Rb3 75. Rc1 Rb4 76. Re1 1/2-1/2

[Event "4NCL 2016-17"]
[Site "Reading ENG"]
[Date "2017.04.30"]
[Round "10.41"]
[White "Fernandez, Daniel Howard"]
[Black "Aagaard, Jacob"]
[Result "1/2-1/2"]
[WhiteTitle "IM"]
[BlackTitle "GM"]
[WhiteElo "2450"]
[BlackElo "2484"]
[WhiteTeam "Guildford"]
[BlackTeam "Wood Green"]
[WhiteFideId "5801605"]
[BlackFideId "1401815"]
[EventDate "2016.11.19"]

1. e4 e5 2. Nf3 Nf6 3. Nxe5 d6 4. Nc4 Nxe4 5. Qe2 Qe7 6. Ne3 c6 7. b3 d5 8. Bb2
Be6 9. g3 h5 10. Bg2 h4 11. d3 Nf6 12. Nd2 Nbd7 13. Nf3 hxg3 14. hxg3 Rxh1+ 15.
Bxh1 O-O-O 16. Ng5 Re8 17. Nxe6 Qxe6 18. O-O-O g6 19. Qf1 Nh5 1/2-1/2

[Event "4NCL 2016-17"]
[Site "Reading ENG"]
[Date "2017.04.30"]
[Round "10.42"]
[White "Kulon, Klaudia"]
[Black "Demuth, Adrien"]
[Result "0-1"]
[WhiteTitle "WGM"]
[BlackTitle "GM"]
[WhiteElo "2400"]
[BlackElo "2540"]
[WhiteTeam "Wood Green HK"]
[BlackTeam "Guildford"]
[WhiteFideId "1131044"]
[BlackFideId "642274"]
[EventDate "2016.11.19"]

1. e4 e5 2. Nf3 Nc6 3. Bb5 a6 4. Ba4 d6 5. Bxc6+ bxc6 6. d4 f6 7. h3 g6 8. O-O
Bg7 9. c4 Nh6 10. Nc3 Nf7 11. Be3 O-O 12. Rc1 exd4 13. Nxd4 c5 14. Nde2 f5 15.
Qd2 fxe4 16. Nxe4 Re8 17. N2g3 Bb7 18. Ng5 Ne5 19. f4 Ng4 20. hxg4 Rxe3 21. Kh2
Qe7 22. b4 Bd4 23. Nf3 Bxf3 24. gxf3 Re8 25. bxc5 dxc5 26. Kh3 Qf8 27. Rce1 Qxf4
28. Rxe3 Rxe3 29. Kg2 h5 30. Qc2 Re6 31. gxh5 Be5 32. Qf2 gxh5 33. Kh1 Qh4+ 34.
Kg2 Rg6 35. f4 Bd6 36. Qf3 Qg4 37. Qxg4 Rxg4 38. Kh3 Be7 39. Nf5 Kf8 40. Ne3 Rg6
41. Nd5 c6 42. Nb6 Rd6 43. Rf3 Rd4 44. Ra3 Rxf4 45. Rxa6 Rd4 46. Nc8 Rxc4 47.
Rxc6 Rc3+ 48. Kg2 h4 49. Nb6 h3+ 50. Kh2 Rd3 51. Nc4 Bg5 52. Kg1 Ke7 53. Ne5 Rd2
54. Ng6+ Kd7 55. Ne5+ Ke7 56. Ng6+ Kf7 57. Ne5+ Kf8 58. a4 Ra2 59. Nd3 Rc2 60.
Ne5 Rc1+ 61. Kh2 Bf4+ 62. Kxh3 Bxe5 63. Kg4 Bd4 64. a5 Ra1 65. a6 Ke7 66. Kf5
Kd7 67. Rh6 Kc7 68. Ke4 Kb8 0-1

[Event "4NCL 2016-17"]
[Site "Reading ENG"]
[Date "2017.04.30"]
[Round "10.43"]
[White "Zhou, Yang-Fan"]
[Black "Hanley, Craig A"]
[Result "1/2-1/2"]
[WhiteTitle "IM"]
[BlackTitle "IM"]
[WhiteElo "2473"]
[BlackElo "2437"]
[WhiteTeam "Guildford"]
[BlackTeam "Wood Green HK"]
[WhiteFideId "468584"]
[BlackFideId "408514"]
[EventDate "2016.11.19"]

1. e4 e5 2. Nc3 Nf6 3. g3 Bc5 4. Bg2 c6 5. Nf3 d5 6. O-O dxe4 7. Ng5 Bg4 8. Qe1
Nbd7 9. Ngxe4 Nxe4 10. Nxe4 Be7 11. f4 Qb6+ 12. Kh1 O-O-O 13. d3 h5 14. fxe5
Nxe5 15. Be3 Qc7 16. d4 f5 17. Ng5 Nc4 18. Ne6 Qd7 19. Nxd8 Bxd8 20. Bf4 g5 21.
Be5 Nxe5 22. Qxe5 Re8 23. Qc5 Bb6 24. Qb4 h4 25. gxh4 Rh8 26. Rae1 Qh7 27. Re3
Qxh4 28. h3 f4 29. Rb3 Qh7 30. d5 c5 31. Qc3 f3 32. Rxf3 Bxf3 33. Qxf3 Qxc2 34.
Rd3 Qc1+ 35. Rd1 Qf4 36. d6 Qxf3 37. Bxf3 Rxh3+ 38. Kg2 Rh4 39. Kg3 Rd4 1/2-1/2

[Event "4NCL 2016-17"]
[Site "Reading ENG"]
[Date "2017.04.30"]
[Round "10.44"]
[White "Fitzsimons, David"]
[Black "Hebden, Mark L"]
[Result "1/2-1/2"]
[WhiteTitle "FM"]
[BlackTitle "GM"]
[WhiteElo "2372"]
[BlackElo "2491"]
[WhiteTeam "Wood Green"]
[BlackTeam "Guildford"]
[WhiteFideId "2501961"]
[BlackFideId "400084"]
[EventDate "2016.11.19"]

1. e4 e5 2. Nf3 Nc6 3. Bc4 Nf6 4. d3 Be7 5. O-O O-O 6. Re1 d6 7. a4 Be6 8. Nbd2
Qd7 9. c3 Rfe8 10. a5 Rab8 11. Bb5 a6 12. Ba4 Qd8 13. Nf1 h6 14. Ng3 Bf8 15. h3
Bd7 16. Bb3 Be6 17. Ba4 Bd7 18. Bb3 Be6 1/2-1/2

[Event "4NCL 2016-17"]
[Site "Reading ENG"]
[Date "2017.04.30"]
[Round "10.45"]
[White "Flear, Glenn C"]
[Black "Haria, Ravi"]
[Result "1-0"]
[WhiteTitle "GM"]
[BlackTitle "FM"]
[WhiteElo "2430"]
[BlackElo "2383"]
[WhiteTeam "Guildford"]
[BlackTeam "Wood Green"]
[WhiteFideId "400165"]
[BlackFideId "415820"]
[EventDate "2016.11.19"]

1. d4 e6 2. c4 Bb4+ 3. Bd2 a5 4. Nf3 d6 5. g3 Nc6 6. Bg2 e5 7. Bxb4 axb4 8. d5
Nb8 9. O-O Nh6 10. Qb3 Na6 11. Ne1 Bg4 12. f3 Bd7 13. Nc2 c6 14. Nd2 O-O 15. e3
Qa5 16. a3 bxa3 17. Rfd1 cxd5 18. Rxa3 Qc7 19. cxd5 Rac8 20. Ne1 Nc5 21. Qa2 b5
22. Ra7 Qb6 23. Qa5 Qxa5 24. Rxa5 Nf5 25. Kf2 Na4 26. Rb1 Rc7 27. Bf1 Rb8 28.
Ne4 Nc5 29. Nxc5 Rxc5 30. Bh3 Bc8 31. Bxf5 Bxf5 32. e4 Bg6 33. Rd1 f5 34. exf5
Bxf5 35. Ra6 Rd8 36. Rb6 Bc2 37. Rc1 Ba4 38. Rxd6 Rxd5 39. Rxd8+ Rxd8 40. Ke3
Kf7 41. Nd3 Rd5 42. Rc3 Kf6 43. b3 b4 44. Nxb4 Rb5 45. bxa4 Rxb4 46. Ra3 Rb6 47.
a5 Ra6 48. Ke4 Ke6 49. h4 h5 50. Ra1 g6 51. Ra3 1-0

[Event "4NCL 2016-17"]
[Site "Reading ENG"]
[Date "2017.04.30"]
[Round "10.46"]
[White "Cooper, Lawrence H"]
[Black "Suarez Real, Alberto"]
[Result "1/2-1/2"]
[WhiteTitle "IM"]
[BlackTitle "IM"]
[WhiteElo "2341"]
[BlackElo "2416"]
[WhiteTeam "Wood Green"]
[BlackTeam "Guildford"]
[WhiteFideId "401536"]
[BlackFideId "2218534"]
[EventDate "2016.11.19"]

1. e4 c5 2. Nf3 Nc6 3. d4 cxd4 4. Nxd4 Nf6 5. Nc3 e5 6. Ndb5 d6 7. Bg5 a6 8. Na3
b5 9. Nd5 Be7 10. Bxf6 Bxf6 11. c3 Bg5 12. Nc2 O-O 13. a4 bxa4 14. Rxa4 a5 15.
Bc4 Rb8 16. Ra2 Kh8 17. O-O f5 18. exf5 Bxf5 19. Nce3 Bg6 20. Qa4 Bxe3 21. Nxe3
Be8 22. Qc2 Ne7 23. Nd5 a4 24. Nxe7 Qxe7 25. Bd5 Qc7 26. Qd2 Qc5 27. g3 Rf6 28.
c4 Bd7 29. Kg2 Rbf8 30. f3 Rb8 1/2-1/2

[Event "4NCL 2016-17"]
[Site "Reading ENG"]
[Date "2017.04.30"]
[Round "10.48"]
[White "Weaving, Richard"]
[Black "Collas, Silvia"]
[Result "1-0"]
[BlackTitle "IM"]
[WhiteElo "2252"]
[BlackElo "2310"]
[WhiteTeam "Wood Green"]
[BlackTeam "Guildford"]
[WhiteFideId "401161"]
[BlackFideId "2902265"]
[EventDate "2016.11.19"]

1. e4 c5 2. Nf3 e6 3. d4 cxd4 4. Nxd4 Nc6 5. Nc3 Qc7 6. Be3 Nf6 7. Qd2 a6 8.
O-O-O Bb4 9. f3 Na5 10. Nb3 b5 11. Bf4 e5 12. Bg5 Nc4 13. Qd3 Nb6 14. Bxf6 gxf6
15. Nd5 Nxd5 16. exd5 d6 17. Kb1 Bd7 18. Qe4 Bc5 19. Qh4 Be3 20. g3 Bg5 21. Qh5
Bf5 22. Bd3 Bg6 23. Qh3 Rc8 24. Bxg6 fxg6 25. f4 Qxc2+ 26. Ka1 Qf5 27. Qxf5 gxf5
28. fxg5 fxg5 29. Rc1 Ke7 30. Kb1 h5 31. Rhf1 Kf6 32. h3 g4 33. h4 Rxc1+ 34.
Kxc1 Rc8+ 35. Kd2 Rc4 36. Ke3 Re4+ 37. Kd3 a5 38. Nxa5 Rd4+ 39. Ke3 Rxd5 40. Nb3
b4 41. Rc1 Ke6 42. Rc4 Rd1 43. Rxb4 Rg1 44. Kf2 Rb1 45. Nd2 Rd1 46. Nf1 Rd3 47.
a4 f4 48. a5 Rd1 49. Ra4 fxg3+ 50. Kg2 1-0

[Event "4NCL 2016-17"]
[Site "Reading ENG"]
[Date "2017.04.30"]
[Round "10.52"]
[White "Ledger, Andrew J"]
[Black "Zakarian, David"]
[Result "1-0"]
[WhiteTitle "IM"]
[BlackTitle "FM"]
[WhiteElo "2377"]
[BlackElo "2380"]
[WhiteTeam "Blackthorne Russia"]
[BlackTeam "Oxford"]
[WhiteFideId "400610"]
[BlackFideId "13301276"]
[EventDate "2016.11.19"]

1. d4 Nf6 2. Nf3 e6 3. c4 Nc6 4. a3 g6 5. Nc3 d6 6. g3 Bg7 7. Bg2 O-O 8. O-O Na5
9. Nd2 c5 10. dxc5 dxc5 11. b4 Nc6 12. Rb1 Nd7 13. Nde4 h6 14. Na4 cxb4 15. axb4
Nde5 16. Nd6 Nd4 17. c5 Rb8 18. Bxh6 Bxh6 19. Qxd4 Qf6 20. Rfd1 Bg7 21. Qd2 Bd7
22. b5 a6 23. f4 Ng4 24. Ne4 Qf5 25. h3 Bxb5 26. hxg4 Qxg4 27. Nac3 Bc6 28. Qe3
Rbd8 29. Nf2 Qh5 30. Bxc6 bxc6 31. Nce4 e5 32. Kg2 exf4 33. gxf4 a5 34. Rxd8
Rxd8 35. Ng5 Qh4 36. Qf3 Qh5 37. Ng4 f5 38. Ne5 Bxe5 39. Qxh5 gxh5 40. fxe5 a4
41. Rb7 Re8 42. Nh7 Re6 43. Nf6+ Kf8 44. Kf3 Re7 45. Rb8+ Kf7 46. Kf4 Ke6 47.
Ra8 a3 48. Rxa3 Rb7 49. Rd3 Rb4+ 50. e4 fxe4 51. Nxe4 h4 52. Rd6+ Ke7 53. Rh6
Rb1 54. e6 Rd1 55. Rxh4 Kxe6 56. Rh6+ Ke7 57. Rxc6 Rd5 58. Rg6 Rh5 59. Rg5 Rh1
60. Ke5 Kd7 61. Rg6 Kc7 62. Nc3 Rh5+ 63. Kd4 Kb7 64. Rb6+ Kc8 65. Kc4 Rh3 66.
Rg6 Kb7 67. Nd5 Rh1 68. c6+ Kb8 69. c7+ Kb7 70. Rb6+ Ka7 71. c8=N+ 1-0

[Event "4NCL 2016-17"]
[Site "Reading ENG"]
[Date "2017.04.30"]
[Round "10.53"]
[White "Asenov, Pavel"]
[Black "Bates, Richard A"]
[Result "0-1"]
[BlackTitle "IM"]
[WhiteElo "2207"]
[BlackElo "2341"]
[WhiteTeam "Oxford"]
[BlackTeam "Blackthorne Russia"]
[WhiteFideId "433705"]
[BlackFideId "403555"]
[EventDate "2016.11.19"]

1. e4 c5 2. Nf3 d6 3. d4 cxd4 4. Nxd4 Nf6 5. Nc3 a6 6. Be3 e5 7. Nb3 Be7 8. f3
Be6 9. Qd2 O-O 10. g4 d5 11. exd5 Nxd5 12. Nxd5 Bxd5 13. Bg2 Bh4+ 14. Bf2 Bxb3
15. Qxd8 Bxf2+ 16. Kxf2 Rxd8 17. cxb3 Rd2+ 18. Kg3 Nc6 19. Rhd1 Rad8 20. Rxd2
Rxd2 21. Rf1 Nd4 22. Rf2 Ne2+ 23. Kh4 h6 24. Bf1 g5+ 25. Kh3 Nf4+ 26. Kg3 Rd1
27. h4 Kf8 28. hxg5 hxg5 29. Bc4 b5 30. Bf1 Ke7 31. b4 Ke6 32. Kh2 Kd5 33. a4
Nd3 34. Bxd3 Rxd3 35. axb5 axb5 36. Kg2 Rd4 37. Rc2 Rxb4 38. Kf2 e4 39. Rd2+ Ke5
40. fxe4 Kxe4 41. Kg3 Rb3+ 42. Kf2 Rd3 43. Rc2 Kf4 44. Rc7 Rd2+ 45. Ke1 Rxb2 46.
Rxf7+ Kxg4 47. Kd1 Kg3 48. Kc1 Rf2 49. Rb7 Rf5 0-1

[Event "4NCL 2016-17"]
[Site "Reading ENG"]
[Date "2017.04.30"]
[Round "10.54"]
[White "Ansell, Simon T"]
[Black "Foo, Zhi Rong Benjamin"]
[Result "1/2-1/2"]
[WhiteTitle "IM"]
[BlackTitle "CM"]
[WhiteElo "2349"]
[BlackElo "2264"]
[WhiteTeam "Blackthorne Russia"]
[BlackTeam "Oxford"]
[WhiteFideId "402141"]
[BlackFideId "5801664"]
[EventDate "2016.11.19"]

1. d4 Nf6 2. Bf4 g6 3. Nc3 d5 4. e3 Bg7 5. h4 Ne4 6. Nxe4 dxe4 7. Bc4 c5 8. c3
Nc6 9. dxc5 Qa5 10. Qb3 O-O 11. O-O-O e5 12. Bg3 Qxc5 13. Bd5 Bg4 14. Nh3 Bxd1
15. Rxd1 Rad8 16. Ng5 Rd7 17. Nxe4 Qb6 18. Qxb6 axb6 19. h5 Rfd8 20. Bb3 Rxd1+
21. Bxd1 h6 22. hxg6 f5 23. Nd2 Rd6 24. Bc2 Ne7 25. Nc4 Rxg6 26. Bh4 Kf7 27. g3
Bf6 28. Bxf6 Kxf6 29. Nxb6 Kg5 30. Nd7 Nc6 31. Nc5 Kg4 32. Kd2 b6 33. Bd1+ Kh3
34. Nd3 Rd6 35. Ke2 e4 36. Nf4+ Kh2 37. Bb3 Ne5 38. Be6 Nf3 39. Bd5 b5 40. a3
Kg1 41. Nh3+ Kh2 42. Nf4 Rd7 43. Kf1 Rd8 44. Ke2 Kg1 45. Nh3+ Kg2 46. Nf4+ Kh2
47. Kf1 h5 48. Ke2 Rd7 49. Kf1 h4 50. gxh4 Rg7 51. Ne2 Rd7 52. Nf4 Rg7 53. Ne2
Rd7 1/2-1/2

[Event "4NCL 2016-17"]
[Site "Reading ENG"]
[Date "2017.04.30"]
[Round "10.55"]
[White "Hansen, Hans-Peter"]
[Black "Webb, Laurence E"]
[Result "0-1"]
[BlackTitle "FM"]
[WhiteElo "2264"]
[BlackElo "2298"]
[WhiteTeam "Oxford"]
[BlackTeam "Blackthorne Russia"]
[WhiteFideId "1503502"]
[BlackFideId "402389"]
[EventDate "2016.11.19"]

1. c4 e5 2. Nc3 Nc6 3. e3 f5 4. d4 d6 5. b4 Nf6 6. b5 Nb8 7. Bb2 Be7 8. Nf3 e4
9. Ng5 h6 10. Nh3 g5 11. f3 exf3 12. gxf3 Nbd7 13. Bd3 Nf8 14. Nf2 Ng6 15. Qe2
a6 16. bxa6 Rxa6 17. O-O-O Be6 18. d5 Bd7 19. h4 Nxh4 20. e4 Ng6 21. exf5 Nf4
22. Qe3 Kf7 23. Bc2 Rb6 24. Qd4 Bf8 25. Rde1 Bg7 26. Nb5 Bxb5 27. cxb5 Rxb5 28.
Bb3 N6h5 29. Qa4 Rc5+ 30. Kb1 Bxb2 31. Kxb2 Ng3 32. Ne4 Nd3+ 33. Kb1 Nxh1 34.
Rxh1 b6 35. f6 Qe8 36. Qxe8+ Rxe8 37. Nxc5 Nxc5 38. Rxh6 Nxb3 39. axb3 Re3 40.
Kc2 Rxf3 41. Rh7+ Kxf6 42. Rxc7 g4 43. Rc6 Ke5 44. Rxb6 Rf5 45. Rb4 Rg5 46. Kd3
g3 47. Re4+ Kxd5 48. Ra4 Ke5 49. Ra1 g2 50. Rg1 Kf4 0-1

[Event "4NCL 2016-17"]
[Site "Reading ENG"]
[Date "2017.04.30"]
[Round "10.57"]
[White "Dickinson, Tim R"]
[Black "Ledger, Stephen C"]
[Result "1/2-1/2"]
[WhiteElo "2077"]
[BlackElo "2056"]
[WhiteTeam "Oxford"]
[BlackTeam "Blackthorne Russia"]
[WhiteFideId "405728"]
[BlackFideId "404470"]
[EventDate "2016.11.19"]

1. d4 Nf6 2. Nf3 c5 3. e3 g6 4. Bd3 Bg7 5. O-O O-O 6. c3 d6 7. Nbd2 b6 8. e4
cxd4 9. cxd4 Bb7 10. Qe2 Nc6 11. a3 Nd7 12. Nb3 e5 13. d5 Ne7 14. Ne1 1/2-1/2

[Event "4NCL 2016-17"]
[Site "Reading ENG"]
[Date "2017.04.30"]
[Round "10.58"]
[White "Atkins, Rita"]
[Black "Varney, Zoe"]
[Result "0-1"]
[WhiteTitle "WIM"]
[WhiteElo "2093"]
[BlackElo "1996"]
[WhiteTeam "Blackthorne Russia"]
[BlackTeam "Oxford"]
[WhiteFideId "408050"]
[BlackFideId "436135"]
[EventDate "2016.11.19"]

1. d4 d5 2. Bf4 Nf6 3. e3 e6 4. Nf3 Bd6 5. Bg3 Ne4 6. Bd3 f5 7. Bh4 Be7 8. Bxe7
Qxe7 9. O-O O-O 10. c4 c6 11. Ne5 Nd7 12. f3 Nxe5 13. dxe5 Nc5 14. Nc3 dxc4 15.
Bxc4 b5 16. Be2 Rd8 17. Qc2 Nd7 18. f4 Qc5 19. Qc1 Nb6 20. Nd1 Qxc1 21. Rxc1 Bb7
22. Bf3 Nc4 23. Rf2 Nd2 24. Nc3 Nxf3+ 25. gxf3 Rd3 26. e4 g6 27. h4 a6 28. h5
Rad8 29. hxg6 hxg6 30. exf5 gxf5 31. Rg2+ Kf7 32. Kf2 c5 33. Rcg1 Ke8 34. Rg8+
Kd7 35. R1g7+ Kc8 36. Rxd8+ Rxd8 37. Ke2 Rh8 38. b3 Rh2+ 39. Ke3 Rh3 40. Re7
Bxf3 41. Kd2 Rh6 42. Ke3 Bc6 43. a3 Bd7 44. b4 Rh3+ 45. Kd2 c4 46. Rg7 Rd3+ 47.
Kc2 Rf3 48. Kd2 Rxf4 49. Rg3 Rg4 50. Rh3 Rd4+ 51. Kc2 Rg4 52. Kd2 f4 53. Ne4 Kc7
54. Rh7 Rg2+ 55. Kc3 Kc6 56. Rf7 Ra2 57. Nc5 Be8 58. Rxf4 Rxa3+ 59. Kd4 Bg6 60.
Rf8 Bf5 61. Rd8 Kc7 62. Rd6 c3 63. Nxa6+ Kc8 64. Ke3 c2+ 65. Kd2 Ra1 66. Rc6+
Kb7 67. Rxc2 Rxa6 68. Rc5 Ra2+ 69. Ke3 Kb6 0-1

[Event "4NCL 2016-17"]
[Site "Reading ENG"]
[Date "2017.04.30"]
[Round "10.61"]
[White "Sanders, Isaac B"]
[Black "Hoffmann, Hendrik"]
[Result "1/2-1/2"]
[WhiteTitle "FM"]
[BlackTitle "FM"]
[WhiteElo "2342"]
[BlackElo "2327"]
[WhiteTeam "Barbican 4NCL"]
[BlackTeam "Celtic Tigers"]
[WhiteFideId "417661"]
[BlackFideId "4618130"]
[EventDate "2016.11.19"]

1. Nf3 Nf6 2. c4 e6 3. b3 d5 4. Bb2 c5 5. e3 Nc6 6. cxd5 exd5 7. Bb5 Bd7 8. Bxc6
Bxc6 9. Ne5 Bb5 10. d3 Bd6 11. Ng4 d4 12. O-O h5 13. Nxf6+ Qxf6 14. exd4 O-O-O
15. Nc3 Bc6 16. Ne4 Qg6 17. Nxd6+ Rxd6 18. f3 cxd4 19. Qd2 Re8 20. Qf4 Re2 21.
Rf2 Rxf2 22. Kxf2 Qxd3 23. Qxd6 Qe3+ 24. Kg3 Qg5+ 25. Kf2 Qe3+ 1/2-1/2

[Event "4NCL 2016-17"]
[Site "Reading ENG"]
[Date "2017.04.30"]
[Round "10.62"]
[White "Maciol, Ryszard"]
[Black "Rogers, Jonathan W"]
[Result "1/2-1/2"]
[BlackTitle "FM"]
[WhiteElo "2118"]
[BlackElo "2296"]
[WhiteTeam "Celtic Tigers"]
[BlackTeam "Barbican 4NCL"]
[WhiteFideId "1118153"]
[BlackFideId "402052"]
[EventDate "2016.11.19"]

1. d4 Nf6 2. c4 e6 3. Nc3 Bb4 4. e3 O-O 5. Bd3 d5 6. Nf3 Re8 7. O-O Nc6 8. a3
Bxc3 9. bxc3 Na5 10. cxd5 exd5 11. Nd2 c5 12. dxc5 Qc7 13. Qc2 Qxc5 14. c4 dxc4
15. Nxc4 Nxc4 16. Qxc4 Qe5 17. Rb1 Ng4 18. Qf4 Qxf4 19. exf4 Rd8 20. Be4 Rb8 21.
Bb2 b6 22. f3 Ne3 23. Be5 Nxf1 24. Bxb8 Nd2 25. Rd1 Bf5 1/2-1/2

[Event "4NCL 2016-17"]
[Site "Reading ENG"]
[Date "2017.04.30"]
[Round "10.63"]
[White "Jackson, James P"]
[Black "Pedersen, Carsten"]
[Result "1-0"]
[WhiteTitle "FM"]
[WhiteElo "2290"]
[BlackElo "2142"]
[WhiteTeam "Barbican 4NCL"]
[BlackTeam "Celtic Tigers"]
[WhiteFideId "416860"]
[BlackFideId "1409760"]
[EventDate "2016.11.19"]

1. e4 e6 2. d4 d5 3. Nc3 Nf6 4. e5 Nfd7 5. f4 c5 6. Nf3 Nc6 7. Be3 cxd4 8. Nxd4
Bc5 9. Qd2 O-O 10. O-O-O Bxd4 11. Bxd4 Qa5 12. Kb1 Rb8 13. Nb5 Qxd2 14. Rxd2 a6
15. Nc3 Nxd4 16. Rxd4 b5 17. Bd3 b4 18. Na4 a5 19. Re1 Bb7 20. Bb5 Rfd8 21. Bxd7
Rxd7 22. Nc5 Rc7 23. Nb3 Ra8 24. Rd2 d4 25. Nxd4 Bd5 26. g3 g6 27. Re3 Rc5 28.
Rdd3 a4 29. b3 axb3 30. cxb3 Rac8 31. Kb2 Kg7 32. Rd2 h5 33. Rc2 Rxc2+ 34. Nxc2
Rb8 35. Rd3 Be4 36. Rd4 Bxc2 37. Kxc2 Ra8 38. Kb2 Rb8 39. a3 bxa3+ 40. Kxa3 Ra8+
41. Kb2 Kf8 42. b4 Ke7 43. Kb3 Rb8 44. Rd6 f6 45. Kc4 fxe5 46. fxe5 Rc8+ 47. Kd4
Rc2 48. h4 Rd2+ 49. Kc5 Rc2+ 50. Kb6 Re2 51. b5 Rxe5 52. Rd3 Re1 53. Kc7 Rc1+
54. Kb7 Rb1 55. b6 e5 56. Kc7 Ke6 57. Rd6+ 1-0

[Event "4NCL 2016-17"]
[Site "Reading ENG"]
[Date "2017.04.30"]
[Round "10.65"]
[White "Twyble, Michael S"]
[Black "Mitra, Roman C"]
[Result "1/2-1/2"]
[WhiteElo "2261"]
[BlackElo "2043"]
[WhiteTeam "Barbican 4NCL"]
[BlackTeam "Celtic Tigers"]
[WhiteFideId "404624"]
[BlackFideId "419540"]
[EventDate "2016.11.19"]

1. Nf3 c5 2. b3 Nf6 3. Bb2 e6 4. c4 Be7 5. g3 O-O 6. Bg2 Nc6 7. O-O b6 8. d4
cxd4 9. Nxd4 Bb7 10. Nc3 a6 11. e3 Ra7 12. Rc1 Qb8 13. Qd2 Rd8 14. Rfd1 Nxd4 15.
Qxd4 Bxg2 16. Kxg2 d6 17. a4 Rad7 18. Qf4 h6 19. Qf3 d5 20. cxd5 Nxd5 21. Nxd5
Rxd5 22. Rxd5 1/2-1/2

[Event "4NCL 2016-17"]
[Site "Reading ENG"]
[Date "2017.04.30"]
[Round "10.71"]
[White "Taylor, Adam C"]
[Black "Toma, Katarzyna"]
[Result "1/2-1/2"]
[WhiteTitle "FM"]
[BlackTitle "WGM"]
[WhiteElo "2233"]
[BlackElo "2312"]
[WhiteTeam "Anglian Avengers"]
[BlackTeam "South Wales Dragons"]
[WhiteFideId "424668"]
[BlackFideId "1119907"]
[EventDate "2016.11.19"]

1. d4 Nf6 2. Nf3 g6 3. Bf4 Bg7 4. e3 d6 5. h3 O-O 6. Be2 b6 7. O-O Bb7 8. a4 a6
9. Nbd2 c5 10. a5 cxd4 11. exd4 Nd5 12. Bg5 h6 13. Bh4 bxa5 14. Nb3 a4 15. Rxa4
Qd7 16. Ra5 Nf4 17. Re1 Nc6 18. Ra1 Nb4 19. c3 Nxe2+ 20. Qxe2 Nd5 21. c4 Nf4 22.
Qxe7 Qc8 23. Nbd2 Bxf3 24. Nxf3 Qxc4 25. Qxd6 g5 26. Bg3 Ne2+ 27. Kh2 Nxd4 1/2-1/2

[Event "4NCL 2016-17"]
[Site "Reading ENG"]
[Date "2017.04.30"]
[Round "10.72"]
[White "Cooper, John G"]
[Black "Plueg, Andreas"]
[Result "1/2-1/2"]
[WhiteTitle "IM"]
[BlackTitle "FM"]
[WhiteElo "2278"]
[BlackElo "2274"]
[WhiteTeam "South Wales Dragons"]
[BlackTeam "Anglian Avengers"]
[WhiteFideId "1800027"]
[BlackFideId "4634195"]
[EventDate "2016.11.19"]

1. Nf3 d5 2. g3 c6 3. Bg2 Nf6 4. O-O Nbd7 5. d4 e6 6. c4 Bd6 7. Nbd2 O-O 8. Qc2
Re8 9. Rd1 b6 10. e4 Nxe4 11. Nxe4 dxe4 12. Qxe4 Bb7 13. Bf4 Bf8 14. Qc2 h6 15.
a3 Qc8 16. b4 a5 17. Rab1 axb4 18. axb4 Ra7 19. Be3 Qa8 20. Ne5 Nxe5 21. dxe5 c5
22. Bxb7 Rxb7 23. b5 Ra7 24. Qd3 Ra4 25. Rd2 g6 26. h4 Rb8 27. Bf4 Qb7 28. Qc2
Rba8 29. Rbd1 Qf3 30. Qd3 Qg4 31. Kg2 Ra3 32. Qe4 Kg7 33. Qb7 g5 34. hxg5 hxg5
35. Be3 Kg6 36. Rd8 Rxd8 37. Rxd8 Bg7 38. Qf3 Qxf3+ 39. Kxf3 Bxe5 40. Rg8+ Bg7
41. Ke2 Rc3 42. Bxg5 Rxc4 43. Bd2 Re4+ 44. Kf1 f6 45. Rb8 Rd4 46. Bf4 e5 47. Be3
Rd6 48. g4 Bh6 49. Bxh6 Kxh6 50. Ke2 c4 51. Rc8 Rd5 52. Rc7 Rxb5 53. Kf3 Kg5 54.
Kg3 Rb3+ 55. f3 b5 56. Rc5 Kg6 57. Kf2 Rb1 58. f4 Rb2+ 59. Kf3 Rb3+ 60. Kf2 exf4
61. Rf5 f3 62. Rc5 b4 63. Rb5 Kf7 64. Rb6 Ke7 65. Kg3 Kf7 66. Kf2 Kg6 67. Rb5
Rb1 68. Kxf3 b3 69. Kg2 b2 70. Kh2 Kf7 71. Rb6 Ke7 72. Kg2 Kd7 73. Rb5 Kc6 74.
Rb8 Kc7 75. Rb5 Kc6 76. Rb8 Kd5 77. Rd8+ Ke4 78. Rb8 Ke3 79. Rb3+ Kd2 80. Rb8
Ke3 81. Rb3+ Kf4 82. Rb4 Kg5 83. Kh2 Re1 84. Rxb2 Re4 85. Kg3 Rxg4+ 86. Kf3 Rh4
87. Kg3 1/2-1/2

[Event "4NCL 2016-17"]
[Site "Reading ENG"]
[Date "2017.04.30"]
[Round "10.74"]
[White "Redmond, John P."]
[Black "Oyama, Akito"]
[Result "1/2-1/2"]
[WhiteElo "2197"]
[BlackElo "2174"]
[WhiteTeam "South Wales Dragons"]
[BlackTeam "Anglian Avengers"]
[WhiteFideId "2500051"]
[BlackFideId "7001630"]
[EventDate "2016.11.19"]

1. Nf3 Nf6 2. c4 e6 3. g3 b6 4. Bg2 Bb7 5. O-O Be7 6. Nc3 O-O 7. Re1 Ne4 8. Nxe4
Bxe4 9. d3 Bb7 10. e4 c5 11. d4 cxd4 12. Nxd4 d6 13. b3 Nd7 14. a4 a6 15. a5
bxa5 16. Bd2 Qb6 17. Bxa5 Qa7 18. Bc3 Qb6 19. Ba5 Qa7 20. Ra2 Rac8 21. Bc3 Qb6
22. Rd2 Rfd8 23. Qa1 Qa7 24. Ne2 Nc5 25. Nc1 Bf8 26. Ba5 Re8 27. b4 Nd7 28. c5
d5 29. exd5 Bxd5 30. Bxd5 exd5 31. Nd3 Nf6 32. Rde2 Qd7 1/2-1/2